| 000 | 00427nam a2200157Ia 4500 | ||
|---|---|---|---|
| 008 | 220803s9999 xx 000 0 und d | ||
| 020 | _a0-7946-0060-3 | ||
| 041 | _aeng | ||
| 082 | _a729 DAS | ||
| 100 |
_aDaswatte C _921078 |
||
| 245 | _aSri Lanka Style : Tropical Design And Architecture | ||
| 260 |
_aSingapore _bPeriplus Edition _c2006 |
||
| 300 | _a208p | ||
| 500 | _aArchitecture | ||
| 650 |
_aArchitectural Design _921079 |
||
| 999 |
_c13995 _d13995 |
||